Alternatívne rozhodovanie o inovačných programoch podnikov

Smerovanie inovácií vždy do budúcnosti. Problémy odhadovania návratnosti nákladov na inovačné programy. Finančná analýza investičných zámerov a príležitostí. Antagonizmy prosperity podniku z rôzneho pohľadu.

Salvato in:
Dettagli Bibliografici
Autore principale: Tuma, Miroslav
Natura: Capitolo di libro
Lingua:slovacco
Soggetti:
Tags: Aggiungi Tag
Nessun Tag, puoi essere il primo ad aggiungerne!!

MARC

LEADER 00000naa$a2200000$$$4500
001 0082141
005 20231127090122.2
041 0 |a slo 
044 |a SK 
245 1 0 |a Alternatívne rozhodovanie o inovačných programoch podnikov  |c Miroslav Tuma 
520 |a Smerovanie inovácií vždy do budúcnosti. Problémy odhadovania návratnosti nákladov na inovačné programy. Finančná analýza investičných zámerov a príležitostí. Antagonizmy prosperity podniku z rôzneho pohľadu. 
610 2 0 |a inovácia 
610 2 0 |a podnik 
610 2 0 |a náklady 
610 2 0 |a analýza finančná 
610 2 0 |a zámery investičné 
100 1 |a Tuma, Miroslav